00530nam a2200145Ia 450000500170000000800390001702000230005608200140007910000220009324501510011525000120026626000480027830000210032665000370034720260421124159.0260302s9999 xx 000 0 und d a9780199290895qhbk a338.9 LIP aLipsey,Richard G. 0aEconomic Transformations: General Purpose Technologies and Long-Term Economic Growthc/Richard G. Lipsey, Kenneth I. Carlaw, and Clifford T. Bekar a1st ed. aNew York:b Oxford University Press,c2005. axx,595p.c;23cm. a Economic development and growth